000
00387nam a2200145Ia 4500
008
090122s9999 xx 000 0 und d
082
_b
5320
_a
613
100
_a
शिंदे
_b
आनंद
_c
डॉ
245
_a
मेनोपॉज
600
_a
शिंदे
630
_a
मेनोपॉज
700
_a
शिंदे
730
_a
मेनोपॉज
942
_c
BOOK
999
_c
29398
_d
29398